000 01059nam a22002657a 4500
001 BRCA_9376
003 FranzMayer
005 20230918123850.0
008 230830b |||||||| |||| 00| 0 eng d
040 _aMFM
_bESPAÑOL
_cMFM
050 0 _aGT4995
_bC45 1982
100 1 _4Responsable
_aChilds, Robert V.
_929407
240 _aVive tu recuerdo
_hLiving Traditions in the Mexican Days of the Dead
_lInglés/Español
245 0 _aVive tu recuerdo
_bLiving Traditions in the Mexican Days of the Dead
260 _aCalifornia, EE.UU.
_bUCLA
_c1982
300 _a64 P
_bIlustraciones
_c28 cm
500 _aAnexo 1
505 _aTexto en: español e inglésIncluye bibliografíaDirigido a: artistas, artesanos, antropólogos, sociólogos e historiadores
650 1 _2Vida cotidiana
_aCostumbres y tradiciones
_vCostumbres mexicanas
_929408
651 2 _2México
_aDia de muertos
_929409
700 1 _4Respon
_aAltman, Patricia B.
_929410
700 1 _4Trad.
_aQuiñones, Hernán
_929411
710 1 _4Cool.
_aLatin American Center
_929412
942 _2lcc
_cH
999 _c10998
_d10998